000
00328nam a22001457a 4500
020
_a
0-571-20947-5
082
_a
823
_b
ABD/P
100
_a
ARDAGH, PHILIP
245
_a
THE EDDIE DICKENS TRILOGY
260
_a
LONDON
_b
FABER AND FABER
_c
2001
300
_a
134
520
_a
ENGLISH NOVEL
650
_a
ENGLISH NOVEL
942
_c
BK
999
_c
5652
_d
5652